BIBLIOTECA “JULIO CORTÁZAR”
ESCUELA AGROTÉCNICA “LIBERTADOR GENERAL SAN MARTÍN” - UNR – CASILDA

Logo Escuela Logo UNR

Parasitología animal : (Record no. 3273)

MARC details
000 -LEADER
campo de control de longitud fija 00797nam#a22002895a#4500
001 - NÚMERO DE CONTROL
campo de control 3273
003 - IDENTIFICADOR DE NÚMERO DE CONTROL
campo de control AR-ClEAG
005 - FECHA Y HORA DE LA ÚLTIMA TRANSACCIÓN
campo de control 20250408115627.0
008 - DATOS DE LONGITUD FIJA--INFORMACIÓN GENERAL
campo de control de longitud fija 250408s1967####ag#a###f######001#0#spa#d
040 ## - FUENTE DE CATALOGACIÓN
Centro catalogador/agencia de origen AR-ClEAG
Centro/agencia transcriptor AR-ClEAG
080 ## - NÚMERO DE LA CLASIFICACIÓN DECIMAL UNIVERSAL
Número de la Clasificación Decimal Universal 619 : 616.1
084 ## - OTRO NÚMERO DE CLASIFICACIÓN
Número de clasificación B74
100 1# - ENTRADA PRINCIPAL--NOMBRE DE PERSONA
Nombre de persona Boero, Juan José.
245 10 - MENCIÓN DEL TÍTULO
Título Parasitología animal :
Mención de responsabilidad, etc. Alfred Borchert.
250 ## - MENCION DE EDICION
Mención de edición 1ª ed.
Resto de la mención de edición reimp.
260 ## - PUBLICACIÓN, DISTRIBUCIÓN, ETC.
Lugar de publicación, distribución, etc. Zaragoza :
Nombre del editor, distribuidor, etc. ACRIBIA,
Fecha de publicación, distribución, etc. 1975.
300 ## - DESCRIPCIÓN FÍSICA
Extensión 745 p. :
Otras características físicas il. byn. ;
Dimensiones 28 cm.
490 0# - MENCIÓN DE SERIE
Mención de serie Ediciones Previas.
653 ## - TÉRMINO DE INDIZACIÓN--NO CONTROLADO
Término no controlado Ciencia veterinaria
653 ## - TÉRMINO DE INDIZACIÓN--NO CONTROLADO
Término no controlado Parasitosis animales
653 ## - TÉRMINO DE INDIZACIÓN--NO CONTROLADO
Término no controlado Parasitología
653 ## - TÉRMINO DE INDIZACIÓN--NO CONTROLADO
Término no controlado Parasitismo
653 ## - TÉRMINO DE INDIZACIÓN--NO CONTROLADO
Término no controlado Enfermedades parasitarias
653 ## - TÉRMINO DE INDIZACIÓN--NO CONTROLADO
Término no controlado Micosis
942 ## - ELEMENTOS DE ENTRADA SECUNDARIOS (KOHA)
Tipo de ítem Koha Libros
Fuente del sistema de clasificación o colocación Clasificación decimal universal
Suprimir en OPAC No
980 ## - EQUIVALENCIA O REFERENCIA-CRUZADA-MENCIÓN DE SERIE--NOMBRE DE PERSONA/TÍTULO [LOCAL, CANADÁ]
Enlace 3
Nombre de persona Gerardo Ochoa
Enlace entre campo y número de secuencia 3
Información miscelánea Gerardo Ochoa
Holdings
Estatus retirado Estado de pérdida Fuente del sistema de clasificación o colocación Estado de daño No para préstamo Biblioteca de origen Biblioteca actual Fecha de adquisición Número de inventario Total de préstamos Signatura topográfica completa Código de barras Visto por última vez Precio de reemplazo Tipo de ítem Koha
    Clasificación decimal universal     Julio Cortázar Julio Cortázar 08/04/2025 6650   R-16-6650 619 : 616.1 B74 6650 08/04/2025 08/04/2025 Libros

Contacto

Biblioteca Julio Cortázar. Escuela Agrotécnica "Libertador San Martín". Universidad Nacional de Rosario
Dirección: Ov. Lagos 1000 - 2170 Casilda - Santa Fe - Argentina
Tel: (54) (03464) 422226.
Fax: (54) (03464) 427789.
E-Mail: biblio-eac@unr.edu.ar